000 00596nam a2200193 i 4500
001 104581
003 ES-MaACL
005 20240501063044.0
007 t|
008 051201s1971 sp ||||1| spa d
100 1 _aMiller, Arthur,
_d1915-2005
_981199
245 1 0 _aEn Rusia /
_cArthur Miller, Inge Morath; [traducción: Juan Ribalta].
260 _aBarcelona :
_bLumen,
_c1971.
300 _a240 p. con 88 lám. neg. y col. ;
_c25 cm.
700 1 _aMorath, Inge.
_983155
700 1 _aRibalta, Juan.
_996713
852 _aES-MaACL
_jC-39051
_bR.79306
999 _c104581
_d104581